| 000 | 00847nam a2200253 i 4500 | ||
|---|---|---|---|
| 001 | 7803 | ||
| 003 | ES-MaACL | ||
| 005 | 20240320063113.0 | ||
| 007 | t| | ||
| 008 | 910511s1989 sp ||||1| spa d | ||
| 020 | _a84-206-9602-1 | ||
| 080 | _a9(=927)"11/12" | ||
| 080 | _a9(4)"11/12" | ||
| 100 | 0 |
_aMaalouf, Amin, _d1949- _974991 |
|
| 245 | 1 | 4 |
_aLas Cruzadas vistas por los árabes / _cAmin Maalouf ; version española de Maria Teresa Gallego y Maria Isabel Reverte. |
| 260 |
_aMadrid : _bAlianza, _cD.L. 1989. |
||
| 300 |
_a306 p., [8] p. de il. ; _c22 cm. |
||
| 650 | 4 |
_aCruzadas. _911463 |
|
| 651 | 4 |
_aImperio islámico- _yS.XI-XIII. _98836 |
|
| 700 | 1 |
_aGallego, Maria Teresa. _953541 |
|
| 700 | 1 |
_aReverté Cejudo, María Isabel. _996417 |
|
| 852 |
_aES-MaACL _jL-15064 _bR.118965 _z. - rust. |
||
| 999 |
_c7803 _d7803 |
||